006260000a22002170004500090001300000245007000013651003500083653001700118653001800135653001900153690002300172690003300195041001400228044001300242700002700255700002600282100003100308942001300339773003900352999001700391 aSERIADAS10aLas hepáticas de Santa María (Boyaca, Colombia) y alrededores 4dBoyacámSanta María992749 fLejeuneaceae fLepidoziaceae fLophocoleaceae aHepáticas913908 aPlantas no vasculares9163750 aEspañol aColombia1 aUribe M., Jaime9926461 aCampos, Laura91005271 aBarbosa C., Iván9100528 cARTICULO1 tCaldasiamJun.h1q39-49d2007g29 c16293d16293